The Control of schistosomiasis : second report of the WHO Expert Committee.
Saved in:
| Corporate Authors: | , |
|---|---|
| Format: | Book |
| Published: |
Geneva :
World Health Organization,
1993.
|
| Series: | Technical report series (World Health Organization) ;
830. |
| Subjects: | |
| Tags: |
Add Tag
No Tags, Be the first to tag this record!
|
| LEADER | 01063nam a22002417a 4500 | ||
|---|---|---|---|
| 010 | |a 98171409 | ||
| 020 | |a 9241208309 | ||
| 022 | |a 0512-3054 | ||
| 060 | |a WC 810 | ||
| 110 | |a World Health Organization |9 11 | ||
| 245 | 0 | 4 | |a The Control of schistosomiasis : |b second report of the WHO Expert Committee. |
| 260 | |a Geneva : |b World Health Organization, |c 1993. | ||
| 300 | |a vii, 86 p. ; |c 20 cm. | ||
| 490 | 1 | |a WHO technical report series, |x 0512-3054 ; |v 830 | |
| 500 | |a "WHO Expert Committee on the Control of Schistosomiasis met in Geneva from 8 to 15 November 1991"--Introd. | ||
| 504 | |a Includes bibliographical references (p. 82-84). | ||
| 650 | 0 | |a Schistosomiasis |x Prevention. |9 819 | |
| 710 | 2 | |a WHO Expert Committee on the Control of Schistosomiasis. |9 835 | |
| 830 | 0 | |a Technical report series (World Health Organization) ; |v 830. |9 768 | |
| 942 | |2 NLM |c BK | ||
| 952 | |0 0 |1 0 |2 NLM |4 0 |6 WC_810_000000000000000_WHO_1993 |7 0 |9 1329 |a NHRC |b NHRC |c CART |d 2013-02-07 |l 0 |o WC 810/WHO/1993 |p 000128 |r 2013-02-07 |w 2013-02-07 |y BK | ||
| 955 | |a fj02 07-16-98 | ||
| 999 | |c 1294 |d 1294 | ||